[Event "Girls U12 Polish Youth Championship"]
[Site "chess24.com"]
[Date "2018.04.30"]
[Round "2"]
[White "Kowalczyk, Barbara"]
[Black "Barwinska, Ewa"]
[Result "0-1"]
[Board "13"]
[WhiteElo "1261"]
[WhiteCountry "POL"]
[WhiteFideId "21837317"]
[WhiteEloChange "-4"]
[BlackElo "1517"]
[BlackCountry "POL"]
[BlackFideId "21833761"]
[BlackEloChange "4"]

1. e4 {[%clk 1:30:58]} c5 {[%clk 1:30:32]} 2. c3 {[%clk 1:31:20]} d5 {[%clk
1:30:27]} 3. exd5 {[%clk 1:31:33]} Qxd5 {[%clk 1:30:22]} 4. Nf3 {[%clk 1:31:36]}
Nf6 {[%clk 1:29:32]} 5. d4 {[%clk 1:31:56]} Bg4 {[%clk 1:28:28]} 6. Be2 {[%clk
1:32:02]} e6 {[%clk 1:26:36]} 7. Na3 {[%clk 1:30:06]} Nc6 {[%clk 1:17:39]} 8. Nb5
{[%clk 1:28:29]} Rc8 {[%clk 1:16:35]} 9. Bf4 {[%clk 1:28:42]} Qd7 {[%clk
1:15:28]} 10. dxc5 {[%clk 1:16:43]} Qxd1+ {[%clk 1:10:41]} 11. Rxd1 {[%clk
1:16:44]} Bxc5 {[%clk 1:09:35]} 12. Bd6 {[%clk 1:16:44]} Bb6 {[%clk 1:07:47]} 13.
Be5 {[%clk 1:10:13]} O-O {[%clk 1:01:15]} 14. Nd6 {[%clk 1:09:23]} Bxf3 {[%clk
0:50:55]} 15. Bxf6 {[%clk 1:09:23]} Bxe2 {[%clk 0:43:00]} 16. Kxe2 {[%clk
0:56:36]} gxf6 {[%clk 0:39:53]} 17. Nxc8 {[%clk 0:56:57]} Rxc8 {[%clk 0:40:18]}
18. Rhe1 {[%clk 0:56:56]} Ne5 {[%clk 0:40:17]} 19. h3 {[%clk 0:56:47]} Rc4 {[%clk
0:38:59]} 20. Kf1 {[%clk 0:55:57]} Rf4 {[%clk 0:37:15]} 21. Re2 {[%clk 0:53:40]}
Rc4 {[%clk 0:30:47]} 22. Kg1 {[%clk 0:47:11]} Kg7 {[%clk 0:29:30]} 23. Kh2 {[%clk
0:44:09]} h6 {[%clk 0:27:59]} 24. Rdd2 {[%clk 0:42:35]} h5 {[%clk 0:25:41]} 25.
Re1 {[%clk 0:41:27]} Bxf2 {[%clk 0:23:59]} 26. Rxf2 {[%clk 0:41:34]} Nd3 {[%clk
0:24:09]} 27. Ree2 {[%clk 0:41:38]} Nxf2 {[%clk 0:24:25]} 28. Rxf2 {[%clk
0:42:05]} f5 {[%clk 0:21:32]} 29. Rd2 {[%clk 0:42:27]} Rc7 {[%clk 0:21:50]} 30.
Kg3 {[%clk 0:42:51]} Kg6 {[%clk 0:22:10]} 31. Rd8 {[%clk 0:42:55]} f6 {[%clk
0:19:42]} 32. Rg8+ {[%clk 0:43:05]} Kh7 {[%clk 0:18:23]} 33. Re8 {[%clk 0:43:09]}
e5 {[%clk 0:18:34]} 34. Re6 {[%clk 0:43:15]} Kg7 {[%clk 0:18:31]} 35. Kh4 {[%clk
0:43:19]} Kg6 {[%clk 0:18:27]} 36. Re8 {[%clk 0:43:37]} Rc4+ {[%clk 0:18:06]} 37.
Kg3 {[%clk 0:43:55]} h4+ {[%clk 0:17:05]} 0-1

[Event "Girls U12 Polish Youth Championship"]
[Site "chess24.com"]
[Date "2018.04.30"]
[Round "2"]
[White "Szczotka, Matylda"]
[Black "Walendykiewicz, Martyna"]
[Result "1-0"]
[Board "14"]
[WhiteElo "1204"]
[WhiteCountry "POL"]
[WhiteFideId "21858918"]
[WhiteEloChange "6"]
[BlackElo "1071"]
[BlackCountry "POL"]
[BlackFideId "21832927"]
[BlackEloChange "-6"]

1. e4 {[%clk 1:30:56]} e5 {[%clk 1:31:25]} 2. Bc4 {[%clk 1:31:20]} Nf6 {[%clk
1:31:40]} 3. d3 {[%clk 1:31:40]} d6 {[%clk 1:31:38]} 4. Nf3 {[%clk 1:31:21]} Be7
{[%clk 1:31:22]} 5. c3 {[%clk 1:30:59]} Bg4 {[%clk 1:30:39]} 6. h3 {[%clk
1:30:07]} Bh5 {[%clk 1:30:14]} 7. Nbd2 {[%clk 1:29:38]} a6 {[%clk 1:29:44]} 8.
Bb3 {[%clk 1:28:14]} Nc6 {[%clk 1:29:31]} 9. O-O {[%clk 1:23:02]} O-O {[%clk
1:28:24]} 10. Re1 {[%clk 1:23:05]} h6 {[%clk 1:27:49]} 11. Nf1 {[%clk 1:22:06]}
Re8 {[%clk 1:25:37]} 12. Ng3 {[%clk 1:19:18]} Bg6 {[%clk 1:25:05]} 13. Nh4 {[%clk
1:13:46]} Bh7 {[%clk 1:23:31]} 14. Nhf5 {[%clk 1:13:45]} Bg6 {[%clk 1:20:55]} 15.
Nh4 {[%clk 1:12:21]} Bh7 {[%clk 1:20:53]} 16. Nf3 {[%clk 1:08:51]} Nd7 {[%clk
1:18:29]} 17. Rf1 {[%clk 1:05:51]} Bg6 {[%clk 1:17:31]} 18. Nh2 {[%clk 0:59:40]}
Na5 {[%clk 1:13:54]} 19. Bc2 {[%clk 0:59:51]} Rf8 {[%clk 1:11:52]} 20. f4 {[%clk
0:58:33]} Bh4 {[%clk 1:07:27]} 21. Qg4 {[%clk 0:54:23]} Bxg3 {[%clk 1:05:53]} 22.
Qxg3 {[%clk 0:54:29]} Qf6 {[%clk 1:01:50]} 23. Ng4 {[%clk 0:51:32]} Qe7 {[%clk
0:58:38]} 24. f5 {[%clk 0:49:42]} Nf6 {[%clk 0:52:20]} 25. Nxf6+ {[%clk 0:47:44]}
Qxf6 {[%clk 0:52:28]} 26. fxg6 {[%clk 0:47:53]} Qxg6 {[%clk 0:52:54]} 27. Qxg6
{[%clk 0:47:36]} fxg6 {[%clk 0:53:16]} 28. Be3 {[%clk 0:47:32]} g5 {[%clk
0:51:26]} 29. Rxf8+ {[%clk 0:46:15]} Kxf8 {[%clk 0:51:41]} 30. Rf1+ {[%clk
0:46:07]} Ke7 {[%clk 0:51:57]} 31. b4 {[%clk 0:44:58]} Nc6 {[%clk 0:52:09]} 32.
Bb3 {[%clk 0:44:57]} Nd8 {[%clk 0:51:14]} 33. d4 {[%clk 0:41:08]} a5 {[%clk
0:48:37]} 34. dxe5 {[%clk 0:37:52]} dxe5 {[%clk 0:47:49]} 35. Rf5 {[%clk
0:37:33]} axb4 {[%clk 0:46:55]} 36. Rxe5+ {[%clk 0:35:05]} Kd6 {[%clk 0:45:24]}
37. Rd5+ {[%clk 0:35:06]} Ke7 {[%clk 0:43:32]} 38. cxb4 {[%clk 0:34:02]} c6
{[%clk 0:43:29]} 39. Bc5+ {[%clk 0:31:43]} Ke8 {[%clk 0:43:24]} 40. Re5+ {[%clk
0:31:55]} Kd7 {[%clk 0:43:35]} 41. Re7+ {[%clk 0:31:56]} Kc8 {[%clk 0:43:58]} 42.
Rxg7 {[%clk 0:31:18]} Ra6 {[%clk 0:40:22]} 43. Bd6 {[%clk 0:30:25]} Ra8 {[%clk
0:36:12]} 44. Rc7+ {[%clk 0:30:04]} Kb8 {[%clk 0:36:24]} 45. Rxc6+ {[%clk
0:30:06]} Ka7 {[%clk 0:36:38]} 46. Bc5+ {[%clk 0:30:08]} Kb8 {[%clk 0:36:38]} 47.
Rxh6 {[%clk 0:30:03]} Kc8 {[%clk 0:36:20]} 48. Rh8 {[%clk 0:29:09]} Kd7 {[%clk
0:36:17]} 49. Rh7+ {[%clk 0:29:02]} Kc8 {[%clk 0:36:20]} 50. Bb6 {[%clk 0:28:58]}
Ra6 {[%clk 0:36:01]} 51. Bxd8 {[%clk 0:29:14]} Kxd8 {[%clk 0:36:20]} 52. Rxb7
{[%clk 0:29:28]} Kc8 {[%clk 0:36:40]} 53. Rg7 {[%clk 0:29:47]} Rb6 {[%clk
0:37:00]} 54. Rxg5 {[%clk 0:28:44]} Rxb4 {[%clk 0:37:17]} 55. Re5 {[%clk
0:29:00]} Kd7 {[%clk 0:37:14]} 56. Kf2 {[%clk 0:29:07]} Kd6 {[%clk 0:37:30]} 57.
Rd5+ {[%clk 0:29:01]} Kc6 {[%clk 0:37:46]} 58. Kf3 {[%clk 0:29:27]} Rb8 {[%clk
0:38:06]} 59. g4 {[%clk 0:29:15]} Rf8+ {[%clk 0:38:25]} 60. Kg3 {[%clk 0:29:33]}
Rf1 {[%clk 0:38:11]} 61. e5 {[%clk 0:28:58]} Re1 {[%clk 0:38:26]} 62. Kh4 {[%clk
0:28:34]} Re3 {[%clk 0:38:43]} 63. g5 {[%clk 0:28:33]} Re4+ {[%clk 0:38:47]} 64.
Kh5 {[%clk 0:28:53]} Re3 {[%clk 0:39:01]} 65. h4 {[%clk 0:29:16]} Rg3 {[%clk
0:39:28]} 66. g6 {[%clk 0:29:06]} Rg1 {[%clk 0:39:28]} 67. Kh6 {[%clk 0:29:29]}
1-0

[Event "Girls U12 Polish Youth Championship"]
[Site "chess24.com"]
[Date "2018.04.30"]
[Round "2"]
[White "Pastuszko, Katarzyna"]
[Black "Kandula, Jasmina"]
[Result "1-0"]
[Board "15"]
[WhiteElo "1357"]
[WhiteCountry "POL"]
[WhiteFideId "21844615"]
[WhiteEloChange "5"]
[BlackElo "1143"]
[BlackCountry "POL"]
[BlackFideId "21844330"]
[BlackEloChange "-5"]

1. e4 {[%clk 1:30:57]} e5 {[%clk 1:30:01]} 2. Nf3 {[%clk 1:31:21]} Nc6 {[%clk
1:30:28]} 3. Bc4 {[%clk 1:31:40]} Nf6 {[%clk 1:30:27]} 4. d3 {[%clk 1:31:51]} Bc5
{[%clk 1:30:50]} 5. O-O {[%clk 1:31:48]} d6 {[%clk 1:30:35]} 6. c3 {[%clk
1:32:08]} a6 {[%clk 1:29:19]} 7. Bb3 {[%clk 1:32:06]} Ba7 {[%clk 1:29:40]} 8.
Nbd2 {[%clk 1:31:36]} O-O {[%clk 1:29:20]} 9. h3 {[%clk 1:31:18]} Be6 {[%clk
1:28:15]} 10. Bc2 {[%clk 1:30:40]} h6 {[%clk 1:27:29]} 11. Re1 {[%clk 1:29:56]}
Ne7 {[%clk 1:25:35]} 12. Nf1 {[%clk 1:27:04]} Ng6 {[%clk 1:25:25]} 13. Ng3 {[%clk
1:25:48]} Qd7 {[%clk 1:21:33]} 14. Kh2 {[%clk 1:15:44]} Bxf2 {[%clk 1:17:04]} 15.
Rf1 {[%clk 1:13:28]} Bxg3+ {[%clk 1:16:57]} 16. Kxg3 {[%clk 1:13:10]} Nh5+ {[%clk
1:16:58]} 17. Kh2 {[%clk 1:12:00]} Nhf4 {[%clk 1:14:25]} 18. Ng1 {[%clk 1:04:17]}
h5 {[%clk 0:54:32]} 19. d4 {[%clk 0:58:48]} c6 {[%clk 0:49:48]} 20. Qf3 {[%clk
0:49:49]} h4 {[%clk 0:45:56]} 21. Bxf4 {[%clk 0:47:35]} Nxf4 {[%clk 0:46:02]} 22.
Rad1 {[%clk 0:47:40]} Qe7 {[%clk 0:45:24]} 23. d5 {[%clk 0:43:46]} cxd5 {[%clk
0:43:16]} 24. exd5 {[%clk 0:43:41]} Bxd5 {[%clk 0:34:11]} 25. Rxd5 {[%clk
0:42:33]} Nxd5 {[%clk 0:34:38]} 26. Qxd5 {[%clk 0:42:27]} Rab8 {[%clk 0:33:35]}
27. Qe4 {[%clk 0:41:22]} g6 {[%clk 0:32:42]} 28. Qg4 {[%clk 0:38:03]} Kg7 {[%clk
0:28:05]} 29. Rf5 {[%clk 0:36:42]} Qe6 {[%clk 0:24:20]} 30. Rg5 {[%clk 0:34:41]}
Qxg4 {[%clk 0:21:25]} 31. Rxg4 {[%clk 0:34:59]} Rh8 {[%clk 0:20:54]} 32. Nf3
{[%clk 0:34:05]} f5 {[%clk 0:19:43]} 33. Bxf5 {[%clk 0:33:55]} Kf6 {[%clk
0:18:08]} 34. Bc2 {[%clk 0:32:04]} Rbg8 {[%clk 0:17:17]} 35. Nxh4 {[%clk
0:28:06]} d5 {[%clk 0:15:16]} 36. Nf3 {[%clk 0:17:20]} Rh6 {[%clk 0:10:16]} 37.
Bb3 {[%clk 0:17:21]} Rd8 {[%clk 0:06:26]} 38. Kg3 {[%clk 0:08:42]} Rh7 {[%clk
0:06:14]} 39. h4 {[%clk 0:05:02]} Rhd7 {[%clk 0:05:37]} 40. Bc2 {[%clk 0:01:16]}
Rg7 {[%clk 0:05:14]} 41. Kf2 {[%clk 0:01:11]} Rd6 {[%clk 0:04:14]} 42. Rg5 {[%clk
0:01:07]} Re6 {[%clk 0:03:44]} 43. Bb3 {[%clk 0:01:32]} Rd7 {[%clk 0:04:05]} 44.
Bc2 {[%clk 0:01:34]} e4 {[%clk 0:02:21]} 45. Nd4 {[%clk 0:01:41]} Re5 {[%clk
0:02:17]} 46. Rg4 {[%clk 0:01:38]} Rf7 {[%clk 0:02:08]} 47. Ke3 {[%clk 0:01:12]}
Ke7 {[%clk 0:02:37]} 48. Rxg6 {[%clk 0:01:26]} Rh5 {[%clk 0:02:21]} 49. Re6+
{[%clk 0:01:27]} Kd7 {[%clk 0:01:57]} 50. g3 {[%clk 0:01:20]} Rhh7 {[%clk
0:01:35]} 51. Bb3 {[%clk 0:01:24]} Rh5 {[%clk 0:01:38]} 52. Rb6 {[%clk 0:01:21]}
Kc7 {[%clk 0:01:39]} 53. Rg6 {[%clk 0:01:41]} Rf1 {[%clk 0:01:03]} 54. Rg7+
{[%clk 0:01:13]} Kb6 {[%clk 0:01:01]} 55. Rg6+ {[%clk 0:01:08]} Kc7 {[%clk
0:00:40]} 56. Ne6+ {[%clk 0:01:14]} Kb8 {[%clk 0:00:57]} 57. Nc5 {[%clk 0:01:03]}
Rf3+ {[%clk 0:00:34]} 58. Ke2 {[%clk 0:01:07]} Rhf5 {[%clk 0:00:38]} 59. Rb6
{[%clk 0:00:33]} Rf2+ {[%clk 0:00:57]} 60. Ke3 {[%clk 0:00:48]} R2f3+ {[%clk
0:00:32]} 61. Ke2 {[%clk 0:01:03]} Rf2+ {[%clk 0:00:36]} 62. Ke3 {[%clk 0:01:25]}
Kc8 {[%clk 0:00:35]} 63. Ba4 {[%clk 0:00:50]} R2f3+ {[%clk 0:00:33]} 64. Kd4
{time[%clk 0:00:56]} 1-0

[Event "Girls U12 Polish Youth Championship"]
[Site "chess24.com"]
[Date "2018.04.30"]
[Round "2"]
[White "Szewczuk, Aleksandra"]
[Black "Obrochta, Lena"]
[Result "0-1"]
[Board "16"]
[WhiteElo "1178"]
[WhiteCountry "POL"]
[WhiteFideId "21861625"]
[WhiteEloChange "-6"]
[BlackElo "1342"]
[BlackCountry "POL"]
[BlackFideId "21836477"]
[BlackEloChange "6"]

1. e4 {[%clk 1:30:58]} e5 {[%clk 1:30:50]} 2. Bc4 {[%clk 1:31:12]} d6 {[%clk
1:18:51]} 3. d3 {[%clk 1:30:34]} Nd7 {[%clk 1:18:14]} 4. Nf3 {[%clk 1:29:51]} Be7
{[%clk 1:18:13]} 5. Nbd2 {[%clk 1:29:04]} c6 {[%clk 1:17:54]} 6. O-O {[%clk
1:28:03]} b5 {[%clk 1:17:41]} 7. Bb3 {[%clk 1:28:13]} Ngf6 {[%clk 1:17:37]} 8.
Re1 {[%clk 1:27:52]} O-O {[%clk 1:17:20]} 9. a3 {[%clk 1:25:20]} Qc7 {[%clk
1:11:58]} 10. Nf1 {[%clk 1:24:05]} Nb6 {[%clk 1:05:07]} 11. Ng3 {[%clk 1:22:38]}
Ne8 {[%clk 1:01:36]} 12. Ng5 {[%clk 1:20:58]} Bxg5 {[%clk 0:56:14]} 13. Bxg5
{[%clk 1:21:08]} h6 {[%clk 0:56:20]} 14. Be3 {[%clk 1:20:19]} Kh7 {[%clk
0:54:57]} 15. Qf3 {[%clk 1:19:38]} c5 {[%clk 0:50:48]} 16. Nf5 {[%clk 1:17:33]}
c4 {[%clk 0:49:31]} 17. dxc4 {[%clk 1:17:48]} bxc4 {[%clk 0:49:54]} 18. Ba2
{[%clk 1:17:57]} Be6 {[%clk 0:35:07]} 19. Rab1 {[%clk 1:12:08]} Rc8 {[%clk
0:29:12]} 20. c3 {[%clk 1:10:38]} Na4 {[%clk 0:28:02]} 21. Qd1 {[%clk 1:07:30]}
Nc5 {[%clk 0:27:34]} 22. Bxc5 {[%clk 1:07:19]} Qxc5 {[%clk 0:27:16]} 23. Ne3
{[%clk 1:05:05]} Nf6 {[%clk 0:24:56]} 24. Qf3 {[%clk 1:04:30]} Qc6 {[%clk
0:23:59]} 25. Nf5 {[%clk 1:04:41]} Qd7 {[%clk 0:21:59]} 26. Red1 {[%clk 1:04:28]}
Nxe4 {[%clk 0:18:12]} 27. Ne3 {[%clk 1:02:23]} Ng5 {[%clk 0:17:57]} 28. Qe2
{[%clk 1:01:36]} Qc7 {[%clk 0:16:02]} 29. f3 {[%clk 1:01:14]} f5 {[%clk 0:15:26]}
30. Nd5 {[%clk 1:00:00]} Qc5+ {[%clk 0:15:29]} 31. Qe3 {[%clk 0:58:06]} Bxd5
{[%clk 0:15:18]} 32. Qxc5 {[%clk 0:58:23]} Rxc5 {[%clk 0:15:41]} 33. b4 {[%clk
0:58:45]} cxb3 {[%clk 0:15:57]} 34. Bxb3 {[%clk 0:58:20]} Bxb3 {[%clk 0:16:25]}
35. Rxb3 {[%clk 0:58:42]} d5 {[%clk 0:15:50]} 36. Re1 {[%clk 0:58:06]} e4 {[%clk
0:15:45]} 37. fxe4 {[%clk 0:58:16]} Nxe4 {[%clk 0:15:03]} 38. Rb7 {[%clk
0:58:05]} a5 {[%clk 0:14:12]} 39. h3 {[%clk 0:57:48]} Rd8 {[%clk 0:13:39]} 40.
Ra7 {[%clk 0:57:32]} Rxc3 {[%clk 0:12:26]} 41. Rxa5 {[%clk 0:57:33]} d4 {[%clk
0:12:43]} 42. Rd1 {[%clk 0:57:35]} d3 {[%clk 0:12:38]} 43. Rxf5 {[%clk 0:56:52]}
d2 {[%clk 0:13:03]} 44. Rff1 {[%clk 0:56:41]} Rdc8 {[%clk 0:13:26]} 45. a4 {[%clk
0:56:05]} Rc1 {[%clk 0:13:40]} 46. a5 {[%clk 0:56:11]} Rxd1 {[%clk 0:13:51]} 47.
Rxd1 {[%clk 0:56:28]} Rc1 {[%clk 0:14:18]} 48. Rxc1 {[%clk 0:56:21]} dxc1Q+
{[%clk 0:14:39]} 49. Kh2 {[%clk 0:56:38]} Qc7+ {[%clk 0:14:33]} 50. Kh1 {[%clk
0:56:42]} Qxa5 {[%clk 0:15:01]} 51. Kg1 {[%clk 0:56:56]} Qe1+ {[%clk 0:14:42]}
52. Kh2 {[%clk 0:57:17]} Qg3+ {[%clk 0:15:07]} 53. Kg1 {[%clk 0:57:33]} h5 {[%clk
0:15:13]} 54. Kh1 {[%clk 0:57:50]} h4 {[%clk 0:15:21]} 55. Kg1 {[%clk 0:58:16]}
Qf2+ {[%clk 0:15:47]} 56. Kh1 {[%clk 0:58:28]} Qf1+ {[%clk 0:16:06]} 57. Kh2
{[%clk 0:58:45]} Nf2 {[%clk 0:16:31]} 58. g3 {[%clk 0:59:04]} Qh1# {[%clk
0:16:55]} 0-1

[Event "Girls U12 Polish Youth Championship"]
[Site "chess24.com"]
[Date "2018.04.30"]
[Round "2"]
[White "Arciszewska, Zuzanna"]
[Black "Sobieraj, Wiktoria"]
[Result "1-0"]
[Board "17"]
[WhiteElo "1302"]
[WhiteCountry "POL"]
[WhiteFideId "21816549"]
[WhiteEloChange "5"]
[BlackElo "1130"]
[BlackCountry "POL"]
[BlackFideId "21839107"]
[BlackEloChange "-5"]

1. c4 {[%clk 1:30:54]} f5 {[%clk 1:30:55]} 2. Nc3 {[%clk 1:30:25]} Nf6 {[%clk
1:31:21]} 3. Nf3 {[%clk 1:29:48]} g6 {[%clk 1:31:38]} 4. g3 {[%clk 1:28:42]} Bg7
{[%clk 1:32:02]} 5. Bg2 {[%clk 1:27:47]} O-O {[%clk 1:32:19]} 6. O-O {[%clk
1:24:27]} d6 {[%clk 1:32:39]} 7. d4 {[%clk 1:21:02]} Qe8 {[%clk 1:31:51]} 8. Re1
{[%clk 1:17:18]} c6 {[%clk 1:30:23]} 9. Qb3 {[%clk 1:14:40]} Kh8 {[%clk 1:30:11]}
10. Bd2 {[%clk 1:11:50]} e5 {[%clk 1:28:02]} 11. dxe5 {[%clk 1:06:07]} dxe5
{[%clk 1:27:17]} 12. e4 {[%clk 1:04:34]} Nfd7 {[%clk 1:21:41]} 13. Rad1 {[%clk
0:55:43]} f4 {[%clk 1:14:50]} 14. Qc2 {[%clk 0:43:20]} Nb6 {[%clk 1:09:48]} 15.
b3 {[%clk 0:36:23]} Bg4 {[%clk 1:07:48]} 16. Rf1 {[%clk 0:36:16]} fxg3 {[%clk
1:04:21]} 17. fxg3 {[%clk 0:35:29]} N8d7 {[%clk 1:02:25]} 18. Bc1 {[%clk
0:33:13]} Rd8 {[%clk 1:00:31]} 19. Ba3 {[%clk 0:29:48]} Rg8 {[%clk 0:57:14]} 20.
Rd2 {[%clk 0:25:12]} Nf6 {[%clk 0:56:41]} 21. Rfd1 {[%clk 0:22:50]} Rxd2 {[%clk
0:55:19]} 22. Rxd2 {[%clk 0:23:02]} Bxf3 {[%clk 0:55:24]} 23. Bxf3 {[%clk
0:23:16]} Qe6 {[%clk 0:54:33]} 24. Qd1 {[%clk 0:21:58]} Nbd7 {[%clk 0:51:46]} 25.
Rd6 {[%clk 0:21:16]} Qf7 {[%clk 0:51:08]} 26. Bg4 {[%clk 0:17:51]} Bf8 {[%clk
0:48:19]} 27. Be6 {[%clk 0:17:47]} Qg7 {[%clk 0:45:43]} 28. Rxd7 {[%clk 0:17:07]}
Nxd7 {[%clk 0:45:23]} 29. Bxg8 {[%clk 0:16:31]} Kxg8 {[%clk 0:42:44]} 30. Bc1
{[%clk 0:13:28]} Bc5+ {[%clk 0:41:09]} 31. Kg2 {[%clk 0:13:24]} Nf6 {[%clk
0:39:28]} 32. Bg5 {[%clk 0:11:10]} h6 {[%clk 0:37:55]} 33. Qd8+ {[%clk 0:11:30]}
Kf7 {[%clk 0:37:06]} 34. Qc7+ {[%clk 0:10:08]} Kg8 {[%clk 0:35:54]} 35. Qb8+
{[%clk 0:09:50]} Kh7 {[%clk 0:34:20]} 36. Qxe5 {[%clk 0:09:27]} hxg5 {[%clk
0:31:35]} 37. Qxc5 {[%clk 0:09:37]} g4 {[%clk 0:30:35]} 38. Qxa7 {[%clk 0:09:20]}
Qe7 {[%clk 0:30:11]} 39. Qe3 {[%clk 0:09:15]} Qe5 {[%clk 0:29:55]} 40. a4 {[%clk
0:07:43]} Qh5 {[%clk 0:29:56]} 41. e5 {[%clk 0:07:47]} Qh3+ {[%clk 0:29:51]} 42.
Kg1 {[%clk 0:07:58]} Ne8 {[%clk 0:27:55]} 43. Ne4 {[%clk 0:07:49]} Qh5 {[%clk
0:27:38]} 44. Nf6+ {[%clk 0:08:06]} Nxf6 {[%clk 0:27:58]} 45. exf6 {[%clk
0:08:31]} Qf5 {[%clk 0:27:41]} 46. Qe7+ {[%clk 0:08:52]} Kh6 {[%clk 0:27:31]} 47.
Qe3+ {[%clk 0:08:12]} Kh7 {[%clk 0:27:28]} 48. Qf4 {[%clk 0:08:01]} Qb1+ {[%clk
0:27:05]} 49. Qf1 {[%clk 0:08:08]} Qxb3 {[%clk 0:26:22]} 50. a5 {[%clk 0:05:15]}
Qe3+ {[%clk 0:26:16]} 51. Qf2 {[%clk 0:05:13]} Qc1+ {[%clk 0:26:13]} 52. Kg2
{[%clk 0:05:05]} Qxc4 {[%clk 0:26:07]} 53. Qd2 {[%clk 0:04:25]} Qd5+ {[%clk
0:25:05]} 54. Qxd5 {[%clk 0:04:43]} cxd5 {[%clk 0:25:29]} 55. Kf2 {[%clk
0:05:04]} g5 {[%clk 0:25:48]} 56. Ke3 {[%clk 0:05:22]} Kg6 {[%clk 0:26:09]} 57.
Kd4 {[%clk 0:05:34]} Kxf6 {[%clk 0:26:18]} 58. Kxd5 {[%clk 0:05:40]} Ke7 {[%clk
0:26:28]} 59. Ke5 {[%clk 0:04:55]} Kd7 {[%clk 0:26:26]} 60. Kf5 {[%clk 0:04:44]}
Kc6 {[%clk 0:26:46]} 61. Kxg5 {[%clk 0:04:17]} Kb5 {[%clk 0:27:09]} 62. Kxg4
{[%clk 0:04:35]} Kxa5 {[%clk 0:27:34]} 63. h4 {[%clk 0:05:00]} b5 {[%clk
0:27:57]} 64. h5 {[%clk 0:05:18]} b4 {[%clk 0:28:23]} 65. h6 {[%clk 0:05:40]} b3
{[%clk 0:28:50]} 66. h7 {[%clk 0:06:05]} b2 {[%clk 0:29:10]} 67. h8Q {[%clk
0:06:14]} b1Q {[%clk 0:29:28]} 68. Qa8+ {[%clk 0:06:37]} Kb4 {[%clk 0:28:59]} 69.
Qb8+ {[%clk 0:07:02]} Kc3 {[%clk 0:29:23]} 70. Qxb1 {[%clk 0:07:25]} 1-0

[Event "Girls U12 Polish Youth Championship"]
[Site "chess24.com"]
[Date "2018.04.30"]
[Round "2"]
[White "Kuczynska, Katarzyna"]
[Black "Dallemura, Anna"]
[Result "0-1"]
[Board "18"]
[WhiteElo "1131"]
[WhiteCountry "POL"]
[WhiteFideId "21806390"]
[WhiteEloChange "-6"]
[BlackElo "1268"]
[BlackCountry "POL"]
[BlackFideId "21823022"]
[BlackEloChange "6"]

1. e4 {[%clk 1:30:46]} e5 {[%clk 1:30:54]} 2. Nf3 {[%clk 1:31:06]} Nc6 {[%clk
1:31:18]} 3. Bb5 {[%clk 1:31:20]} a6 {[%clk 1:31:39]} 4. Ba4 {[%clk 1:31:42]} Nf6
{[%clk 1:32:00]} 5. O-O {[%clk 1:31:38]} Be7 {[%clk 1:32:08]} 6. Re1 {[%clk
1:31:30]} b5 {[%clk 1:32:17]} 7. Bb3 {[%clk 1:31:47]} d6 {[%clk 1:32:34]} 8. h3
{[%clk 1:31:49]} O-O {[%clk 1:32:33]} 9. c3 {[%clk 1:31:11]} Bb7 {[%clk 1:32:45]}
10. d4 {[%clk 1:29:46]} Nd7 {[%clk 1:32:53]} 11. Bc2 {[%clk 1:25:53]} exd4 {[%clk
1:31:30]} 12. cxd4 {[%clk 1:25:34]} Bf6 {[%clk 1:30:49]} 13. Nc3 {[%clk 1:21:44]}
Na5 {[%clk 1:24:15]} 14. Qd3 {[%clk 1:15:58]} g6 {[%clk 1:20:19]} 15. Nh2 {[%clk
1:09:30]} c5 {[%clk 1:14:04]} 16. d5 {[%clk 1:05:57]} Nc4 {[%clk 1:10:15]} 17. f4
{[%clk 1:01:21]} Re8 {[%clk 0:55:24]} 18. Ng4 {[%clk 0:57:17]} Bd4+ {[%clk
0:51:19]} 19. Kh1 {[%clk 0:49:58]} f5 {[%clk 0:44:43]} 20. Nh2 {[%clk 0:28:33]}
Nf6 {[%clk 0:33:26]} 21. Qf3 {[%clk 0:26:55]} Bxd5 {[%clk 0:28:00]} 22. Nxd5
{[%clk 0:25:43]} Nxd5 {[%clk 0:28:04]} 23. Nf1 {[%clk 0:23:42]} Nf6 {[%clk
0:23:20]} 24. Rb1 {[%clk 0:21:40]} Ra7 {[%clk 0:17:14]} 25. Nd2 {[%clk 0:19:47]}
Ne3 {[%clk 0:08:03]} 26. Bd3 {[%clk 0:19:14]} c4 {[%clk 0:07:35]} 27. Be2 {[%clk
0:19:34]} Nxe4 {[%clk 0:06:00]} 28. Nxe4 {[%clk 0:19:42]} fxe4 {[%clk 0:06:22]}
29. Qg3 {[%clk 0:18:40]} Nf5 {[%clk 0:06:09]} 30. Qa3 {[%clk 0:18:35]} Bf2 {[%clk
0:05:45]} 31. Rd1 {[%clk 0:18:48]} Ng3+ {[%clk 0:05:36]} 32. Kh2 {[%clk 0:19:11]}
Nxe2 {[%clk 0:05:34]} 33. Rxd6 {[%clk 0:18:44]} Qe7 {[%clk 0:05:30]} 0-1